000 00924nam a2200241 a 4500
001 83352
003 BD-RjUL
005 20240314101435.0
008 240314s2010 bg a|||| m||| 00| 0 eng d
035 _a(BD-RjUL)83352
040 _aBD-RjUL
_beng
_cBD-RjUL
_dBD-RjUL
041 _aeng
082 _223
_a364.36
_bFEJ 2010
100 _aFerdousi, Nahid
_912314
245 1 0 _aJuvenile Justice System in Bangladesh :
_bAn Analytical Study /
_cResearcher Nahid Ferdousi ;
_6Supervisor : Begum Asma Siddiqua
260 _aRajshahi :
_bInstitute of Bangladesh Studies IBS), university of Rajshahi,
_c2010
300 _axx, 326 Leaves :
_bill, ;
_c29 cm.
502 _aThesis (Ph. D.) -- Institute of Bangladesh Studies IBS), university of Rajshahi, 2010
504 _aBibliography : Leaves [316]-326
650 _aCriminology
_vJuvenile Delinquents
_912315
700 _aSiddiqua, Begum Asma, Supervisor
_91919
942 _2ddc
_cTHE
999 _c83352
_d83352